000
00293nam a22001337a 4500
008
170130b xxu||||| |||| 00| 0 eng d
020
_a
9780130483522
041
_a
eng
080
_2
3RD
_a
618.2
100
_a
2
101
_a
INF
245
_a
PEDIATRIC NURSING
_c
BINDLER, R.C
942
_2
udc
_c
BK
999
_c
3974
_d
3974